| 000 -LEADER |
| fixed length control field |
01535cam a2200409 i 4500 |
| 001 - CONTROL NUMBER |
| control field |
19177440 |
| 005 - DATE AND TIME OF LATEST TRANSACTION |
| control field |
20190923053047.0 |
| 008 - FIXED-LENGTH DATA ELEMENTS--GENERAL INFORMATION |
| fixed length control field |
151211s2015 ii a b 000 0 eng d |
| 010 ## - LIBRARY OF CONGRESS CONTROL NUMBER |
| LC control number |
2016317539 |
| 020 ## - INTERNATIONAL STANDARD BOOK NUMBER |
| International Standard Book Number |
9780143425489 (volume 1) |
| 020 ## - INTERNATIONAL STANDARD BOOK NUMBER |
| International Standard Book Number |
9780143425496 (volume 2) |
| 025 ## - OVERSEAS ACQUISITION NUMBER |
| Overseas acquisition number |
I-E-2016317539; 19-92 |
| 035 ## - SYSTEM CONTROL NUMBER |
| System control number |
(OCoLC)ocn932121621 |
| 035 ## - SYSTEM CONTROL NUMBER |
| System control number |
(OCoLC)932121621 |
| 037 ## - SOURCE OF ACQUISITION |
| Stock number |
Library of Congress -- New Delhi Overseas Office |
| 040 ## - CATALOGING SOURCE |
| Original cataloging agency |
DKAGE |
| Language of cataloging |
eng |
| Description conventions |
rda |
| Transcribing agency |
DKAGE |
| Modifying agency |
OCLCO |
| -- |
YDXCP |
| -- |
OCLCF |
| -- |
OCL |
| -- |
OCLCQ |
| -- |
DLC |
| 042 ## - AUTHENTICATION CODE |
| Authentication code |
lccopycat |
| -- |
lcode |
| 043 ## - GEOGRAPHIC AREA CODE |
| Geographic area code |
a-ii--- |
| 050 00 - LIBRARY OF CONGRESS CALL NUMBER |
| Classification number |
N6350 |
| Item number |
.V65 2015 |
| 082 04 - DEWEY DECIMAL CLASSIFICATION NUMBER |
| Classification number |
709.04 |
| Edition number |
23 |
| 245 00 - TITLE STATEMENT |
| Title |
[Voices ; Images] / |
| Statement of responsibility, etc |
edited by Alka Pande. |
| 300 ## - PHYSICAL DESCRIPTION |
| Extent |
2 volumes : |
| Other physical details |
illustrations ; |
| Dimensions |
22 cm |
| 500 ## - GENERAL NOTE |
| General note |
Title from box. |
| 500 ## - GENERAL NOTE |
| General note |
Most of the essays previously published in IHC Visual arts journal. |
| 500 ## - GENERAL NOTE |
| General note |
"Visual Arts Gallery, India Habitat Centre." |
| 504 ## - BIBLIOGRAPHY, ETC. NOTE |
| Bibliography, etc |
Includes bibliographical references. |
| 505 0# - FORMATTED CONTENTS NOTE |
| Formatted contents note |
volume one. Voices -- volume two. Images. |
| 650 #0 - SUBJECT ADDED ENTRY--TOPICAL TERM |
| Topical term or geographic name as entry element |
Art, Modern |
| Chronological subdivision |
20th century. |
| 9 (RLIN) |
11154 |
| 650 #0 - SUBJECT ADDED ENTRY--TOPICAL TERM |
| Topical term or geographic name as entry element |
Art, Modern |
| Chronological subdivision |
21st century. |
| 9 (RLIN) |
11155 |
| 650 #0 - SUBJECT ADDED ENTRY--TOPICAL TERM |
| Topical term or geographic name as entry element |
Art, Indic |
| Chronological subdivision |
20th century. |
| 9 (RLIN) |
11156 |
| 650 #0 - SUBJECT ADDED ENTRY--TOPICAL TERM |
| Topical term or geographic name as entry element |
Art, Indic |
| Chronological subdivision |
21st century. |
| 9 (RLIN) |
11157 |
| 650 #0 - SUBJECT ADDED ENTRY--TOPICAL TERM |
| Topical term or geographic name as entry element |
Photography, Artistic. |
| 9 (RLIN) |
11158 |
| 700 1# - ADDED ENTRY--PERSONAL NAME |
| Personal name |
Pande, Alka, |
| Relator term |
editor. |
| 9 (RLIN) |
11159 |
| 710 2# - ADDED ENTRY--CORPORATE NAME |
| Corporate name or jurisdiction name as entry element |
Visual Arts Gallery (New Delhi, India), |
| Relator term |
host institution. |
| 9 (RLIN) |
11160 |
| 906 ## - LOCAL DATA ELEMENT F, LDF (RLIN) |
| a |
7 |
| b |
cbc |
| c |
copycat |
| d |
3 |
| e |
ncip |
| f |
20 |
| g |
y-gencatlg |
| 955 ## - COPY-LEVEL INFORMATION (RLIN) |
| Copy information and material description, CCAL + MDES (RLIN) |
wd51 2016-07-15 |
| -- |
wd34 2016-08-13 Volumes 1 & 2 to ASME |